000 00357nam a2200133Ia 4500
008 240624s9999 xx 000 0 und d
041 _aeng
082 _a341.2323 GHA
100 _aGHAREKHAN CHINMAYA R
245 _aHORSESHOE TABLE AN INSIDE VIEW OF THE UN
260 _c2007
_aDelhi
_bPearson Longman
300 _axii, : 328 : p. ; 23cm.
365 _cRS
_b33
999 _c4264
_d4264